000 01444cam a22003737a 4500
003 CHAP
005 20220329142929.0
008 050304d2004 mx rs o00110 spa d
010 _a89771
011 _a90743
020 _a9701327659
035 _a101300
040 _cCHAP
082 0 4 _a312.0972
_bI63 (D.F.)
110 2 _aInstituto Nacional de Estadística, Geografía e Informática. México
_959304
245 1 0 _aIndicadores sociodemográficos del Distrito Federal
_c/por Instituto Nacional de Estadística, Geografía e Informática
260 _aAguascalientes, Ags. :
_bInstituto Nacional de Estadística, Geografía e Informática,
_c2004.
300 _av. :
_bgráfs.
500 _aLa bilioteca tiene : 1930-2002
590 _aBATCH-UPD
_b10
_c20130110
_lUCH01
_h1132
590 _aBATCH-UPD
_b10
_c20130410
_lUCH01
_h0721
590 _aBATCH-UPD
_b10
_c20130914
_lUCH01
_h1141
590 _aCONVERSION
_b10
_c20130109
_lUCH01
_h1350
650 1 4 _aDemografía.
_931742
650 1 4 _aEmigración e inmigración.
_936517
650 1 4 _aMéxico
_xCondiciones sociales.
_976730
650 1 4 _aPoblación
_xEstadísticas
_zMéxico (D.F.).
_989387
650 1 4 _aVivienda.
_9120116
901 _aBK
905 _aLilia
942 _cLIBRO
949 _a312.0972 I63 (D.F.)
_bBC
_cINEGI
_d33724000949590
_eINEGI
_f1930-2002 c.2
_h105596
_i101300
_sb
949 _a312.0972 I63 (D.F.)
_bBC
_cINEGI
_d33724000952867
_eINEGI
_f1930-2002
_h105121
_i101300
_sb
999 _c89771
_d89771